Harry Potter Deaths in Order Minefield Quiz Stats

 Plays Quiz Updated Jul 16, 2018

Challenge
Share
Tweet
Embed
Score 0/18 Timer 05:00
280 Plays Today
% Correct
???
100%
???
82.5%
???
72.8%
???
67%
???
66.4%
???
57%
???
49.9%
???
45.6%
???
37.9%
% Correct
???
27.7%
???
24.2%
???
21.5%
???
20.2%
???
14%
???
11.5%
???
7%
???
6.7%
???
6.7%

You're not logged in!

Compare scores with friends on all Sporcle quizzes.
OR
Log In

Sporcle TV

The Pottermasters Pick the Dead Harry Potter Characters


Which characters died in Harry Potter? Holly and Maria try not to get too sad at all the deaths in the wizarding world.

You Might Also Like...

Show Comments

Extras

Top Quizzes Today


Score Distribution

Your Account Isn't Verified!

In order to create a playlist on Sporcle, you need to verify the email address you used during registration. Go to your Sporcle Settings to finish the process.

Report this User

Report this user for behavior that violates our Community Guidelines.

Details: